000 01091nam a2200253 a 4500
001 000020329
005 20200929170353.0
008 131112s2015 dr ad 000 0 spa d
020 _a9789945166484
040 _aDO-SdBNP
_bspa
_cBNPHU
082 _a304.87293
_bR621e
100 1 _aRiveros, Natalia
_942979
245 1 0 _aEstado del arte de las migraciones que atañen a la República Dominicana 2014 /
_cNatalia Riveros.
260 _aSanto Domingo :
_bOBMICA,
_c2015.
300 _a194 p. :
_bil., gráficos ;
_c28 cm.
504 _aIncluye referencias bibliográficas y notas al pie de las páginas.
504 _aBibliografía p: 165-194
590 _aInventariado, 2018/VM
650 4 _aPolítica de migración
_zRepública Dominicana
_y2014
_942980
651 4 _aRepública Dominicana
_xEmigración E Inmigración
_xAspectos Sociales
_y2014
_942981
651 4 _aRepública Dominicana
_xEmigración E Inmigración
_xAspectos Económicos
_y2014
_942982
710 2 _aCentro para la Observación Migratoria y el Desarrollo en el Caribe
_942983
910 _aValidado. Control de calidad MFF
999 _c19833
_d19833